Les stades de football - Statistiques

Statistiques générales
  • Ce quiz a été pris 99 fois
  • Le résultat moyen est 7 sur 9
Statistiques - réponses
Hint Réponse % Correct
Quel est le stade du FC Barcelone ? Camp Nou
98%
Quel stade est le plus grand d’Europe ? Le Camp Nou
98%
Comment s’appelle le stade du PSG ? Le Parc Des Princes
96%
Quel club joue à Anfield ? Liverpool
93%
Quel club joue a Old Trafford ? Manchester United
91%
Quelle équipe joue à l'Emirates Stadium ? Arsenal
78%
Quelle équipe joue à l'Orange Vélodrome ? Marseille
78%
Quels sont les 2 clubs qui jouent au San Siro ? Ac Milan et Inter
19%
Dans quel stade joue le Real Madrid ? Real Madrid
0%
Aucun quiz correspondant
Distribution des résultats
% des personnes avec chaque résultat
Percentile par nombre de réponses
Votre historique - résultats
Vous n’avez pas pris ce quiz